000 00516nam a2200169 i 4500
001 46426
003 ES-MaACL
007 t|
008 030328s1986 sp ||||1| spa d
020 _a84-7398-400-5
245 0 0 _aComentarios a la Ley Orgánica de régimen electoral general /
_cLuis María Cazorla Prieto ... [et al.].
250 _a[1ª ed.].
260 _aMadrid :
_bCivitas,
_c1986.
300 _a2005 p. ;
_c25 cm.
700 1 _aCazorla Prieto, Luis María.
_937254
852 _aES-MaACL
_jL-9793
_bR.112196
999 _c46426
_d46426